LEADER 01354nam a2200301 i 4500 001 000000130716 003 CaOOAMICUS 005 20170201000000.0 008 170201s2002 it u000 u ita u 013 $a103553 020 $a88-350-8825-9 040 $aSeMil$bita 100 1 $aKant, Immanuel,$d<1724-1804>.$0(OLS)http://semarc/name/2543 240 10$aKritik der reinen Vernunft.$0(OLS)http://semarc/title/6761 245 10$aCritica della ragion pura :$b(Estratti) /$cImmanuel Kant ; traduzione, introduzione e note di Gustavo Bontadini. 260 $aBrescia :$bLa Scuola,$c2002. 300 $a117 p. ;$c21 cm. 490 0 $aIl pensiero filosofico 650 4$aEpistemologia filosofica.$0(OLS)http://semarc/subject/1833 650 4$aKant, Immanuel <1724-1804> . Kritik der reinen Vernunft.$0(OLS)http://semarc/subject/614 700 1 $aBontadini, Gustavo ,$d<1903-1990>.$0(OLS)http://semarc/name/817 830 3$aIl pensiero filosofico.$0(OLS)http://semarc/title/7220 850 $aSeMil 852 $aSeMil$W1$xVenegono$y1$m2P II 878$j84745$B84745$CSeMilBibl$Z2$F88373 $81 961 $aOmaggio: Altro 996 $6020$a88-350-8825-9$9(OLS)http://semarc/number/273675 996 $6245$aCritica della ragion pura :$b(Estratti)$9(OLS)http://semarc/title/408174 996 $6260$aBrescia :$bLa Scuola$9(OLS)http://semarc/publisher/29831 LEADER 00624nam a2200181 i 4500 001 000000247546 003 CaOOAMICUS 005 20160120000000.0 008 160120s1974 it u000 u ita u 013 $a226451 040 $aSeMil$bita 245 10$aVariazioni e mutamenti sociali. 300 $a333 p. 773 0 $aBouthoul, Gaston$tTrattato di sociologia.$dRoma : Cittą Nuova, 1974.$g2$w()32960 850 $aSeMil 852 $aSeMil$W1$xVenegono$y1$m3N V 613/2$j197892$B197892$CSeMilBibl$Z2$F210517 $81 961 $aLascito: Milani don Felice 996 $6245$aVariazioni e mutamenti sociali$9(OLS)http://semarc/title/349547